书目信息 |
| 题名: |
畅谈东方智慧
|
|
| 作者: | 季羡林 , 池田大作 , 蒋忠新 著 ;卞立强 译 | |
| 分册: | ||
| 出版信息: | 北京 人民日报出版社 2011.01 |
|
| 页数: | 230页 | |
| 开本: | 24cm | |
| 丛书名: | 我的历史就是中国历史 | |
| 单 册: | ||
| 中图分类: | K107.8 | |
| 科图分类: | ||
| 主题词: | 东方文化--研究 , 东方文化 | |
| 电子资源: | ||
| ISBN: | 978-7-5115-0190-5 | |
| 000 | 01403oam2 2200313 45 | |
| 001 | 1356796531 | |
| 005 | 20130515100303.40 | |
| 010 | @a978-7-5115-0190-5@dCNY29.80 | |
| 100 | @a20130108d2011 em y0chiy50 ea | |
| 101 | 0 | @achi |
| 102 | @aCN@b110000 | |
| 105 | @aa z 000yy | |
| 106 | @ar | |
| 200 | 1 | @a畅谈东方智慧@AChang Tan Dong Fang Zhi Hui@e季羡林、池田大作、蒋忠新对谈录@EJi Xian Lin、 Chi Tian Da Zuo、 Jiang Zhong Xin Dui Tan Lu@f季羡林、池田大作、蒋忠新著@FJi Xian Lin、 Chi Tian Da Zuo、 Jiang Zhong Xin Zhu@g卞立强译 |
| 210 | @a北京@c人民日报出版社@d2011.01 | |
| 215 | @a230页@c图@d24cm | |
| 225 | 2 | @a我的历史就是中国历史@i人民日报名家长篇对谈录系列 |
| 330 | @a本书共分为八章,其内容包括:释尊使用的语言;《法华经》的起源——批判“大乘非佛所说”论;《法华经》的传播——印度、中国、日本;法华思想的展开与发展;人性与社会;东方文化与西方文化等。 | |
| 461 | 0 | @12001 @a我的历史就是中国历史@i人民日报名家长篇对谈录系列 |
| 517 | 1 | @a季羡林、池田大作、蒋忠新对谈录@AJi Xian Lin、 Chi Tian Da Zuo、 Jiang Zhong Xin Dui Tan Lu |
| 606 | 0 | @a东方文化@x研究 |
| 606 | 0 | @a东方文化 |
| 690 | @aK107.8@v5 | |
| 701 | 0 | @a季羡林@AJi Xian Lin@f(1911-2009)@4著 |
| 701 | 0 | @a池田大作@AChi Tian Da Zuo@f(1928-)@4著 |
| 701 | 0 | @a蒋忠新@AJiang Zhong Xin@f(1942-2002)@4著 |
| 702 | 0 | @a卞立强@ABian Li Qiang@4译 |
| 801 | @aCN@bTANGWEI@c20130108 | |
| 905 | @b0829506-10@dK107.8@e197@f5 | |
| 畅谈东方智慧:季羡林、池田大作、蒋忠新对谈录/季羡林、池田大作、蒋忠新著/卞立强译.-北京:人民日报出版社,2011.01 |
| 230页:图;24cm.-(我的历史就是中国历史.人民日报名家长篇对谈录系列) |
| ISBN 978-7-5115-0190-5:CNY29.80 |
| 本书共分为八章,其内容包括:释尊使用的语言;《法华经》的起源——批判“大乘非佛所说”论;《法华经》的传播——印度、中国、日本;法华思想的展开与发展;人性与社会;东方文化与西方文化等。 |
| ● |
| 相关链接 |
|
|
|
|
正题名:畅谈东方智慧
索取号:K107.8/197
 
预约/预借
| 序号 | 登录号 | 条形码 | 馆藏地/架位号 | 状态 | 备注 |
| 1 | 0829506 | 208295067 | 第二样本阅览室/ [索取号:K107.8/197] | 在馆 | |
| 2 | 0829507 | 208295076 | 第二借阅区/ [索取号:K107.8/197] | 在馆 | |
| 3 | 0829508 | 208295085 | 第二借阅区/ [索取号:K107.8/197] | 在馆 | |
| 4 | 0829509 | 208295094 | 第二借阅区/ [索取号:K107.8/197] | 在馆 | |
| 5 | 0829510 | 208295101 | 第二借阅区/ [索取号:K107.8/197] | 在馆 |